| 000 | 01163nam a2200277 a 4500 | ||
|---|---|---|---|
| 001 | 000008340 | ||
| 003 | DO-SdBNP | ||
| 005 | 20250320103703.0 | ||
| 008 | 090916s2001 dr a r 000 0 spa d | ||
| 040 |
_aDO-SdBNP _bspa _cBNPHU |
||
| 082 |
_a631.584 _bG261a |
||
| 100 | 1 |
_aGatón Rosa, Iván Ernesto _922520 |
|
| 245 | 1 | 3 |
_aLa agricultura orgánica en la República Dominicana y en los mercados internacionales / _cIván Ernesto Gatón Rosa. |
| 260 |
_aSanto Domingo : _bSecretaría de Estado de Relaciones Exteriores, _c2001. |
||
| 300 |
_a110 p. : _bil. ; _c23 cm. |
||
| 504 | _aBibliografía : p. 109-110 | ||
| 590 | _aInventariado, 2018/BT | ||
| 650 | 4 |
_aAgricultura biológica _zRepública Dominicana _922521 |
|
| 650 | 4 |
_aAgricultura tropical _zRepública Dominicana _922522 |
|
| 650 | 0 |
_aProductos agrícolas _zRepública Dominicana _94113 _2LEMB |
|
| 650 | 4 |
_aProductos agrícolas _xComercio _zRepública Dominicana _922523 |
|
| 650 | 4 |
_aDesarrollo sostenible _xAspectos económicos _922524 |
|
| 710 | 2 |
_aRepública Dominicana. Secretaría de Estado de Relaciones Exteriores _92256 |
|
| 910 | _aValidado. Control de calidad. MMOLINA | ||
| 942 |
_2ddc _cLBS1 |
||
| 999 |
_c8111 _d8111 |
||